00476nam a2200133 a 450000100100000000500170001000800410002704000250006810000230009324501100011626000490022630000390027550400280031400003862820201002031320.0130416s2011 dr ad 000 0 spa d aDO-SdBNPbspacBNPHU1 aMazzarelli, Silvia10aManual de planificación estratégica con enfoque basado en derechos humanos 2001 /cSilvia Mazzarelli. aSanto Domingo :bSalesianos Antillas,c2011. a84 p. :bil.,gráf.+1CD ;c29 cm. aBibliografía : p. 81-